| 000 | 01224nam a2200361 a 4500 | ||
|---|---|---|---|
| 001 | ocn178733810 | ||
| 003 | TZ-ArACH | ||
| 005 | 20101228105144.0 | ||
| 008 | 990623s1999 ne a b 001 0 eng | ||
| 010 | _a 98043827 | ||
| 020 | _a9041104909 (hb : acid-free paper) | ||
| 020 | _a9789041104908 (hb : acid-free paper) | ||
| 035 | _a(OCoLC)178733810 | ||
| 035 | _z99-B1794 | ||
| 035 | _a(PU-L).b1957910 | ||
| 040 |
_aDLC _cPLL |
||
| 041 | _aeng | ||
| 049 | _aTZAA | ||
| 050 | 0 | 0 |
_aK3416 _b.I58 1999 |
| 245 | 0 | 4 |
_aThe international ombudsman anthology : _bselected writings from the International Ombudsman Institute / _cedited by Linda C. Reif. |
| 260 |
_aThe Hague ; _aBoston : _bKluwer Law International, _c1999. |
||
| 300 |
_axxxviii, 745 p. : _bill. ; _c25 cm. |
||
| 504 | _aIncludes bibliographical references and index. | ||
| 650 | 0 |
_aOmbudspersons. _9464 |
|
| 700 | 1 |
_aReif, Linda C. _9463 |
|
| 710 | 2 |
_aInternational Ombudsman Institute. _9462 |
|
| 903 |
_nn _i35066002370872 |
||
| 907 |
_a.b1957910 _bbiddl _c- |
||
| 908 | _ajhh.put | ||
| 942 |
_2lcc _cBOOK |
||
| 999 |
_c1138 _d1138 |
||